[Event "TCh-TUR 2nd League 2011"]
[Site "Konya TUR"]
[Date "2011.07.06"]
[Round "4"]
[White "Tuncer,U"]
[Black "Uzun,F"]
[Result "1-0"]
[WhiteElo "2303"]
[BlackElo "2038"]

1.Nf3 Nf6 2.c4 c6 3.Nc3 d5 4.d4 e6 5.e3 Nbd7 6.Qc2 Bd6 7.Bd2 e5 8.cxd5 cxd5
9.Nb5 Bb8 10.Bb4 e4 11.Nd2 Nb6 12.Rc1 a6 13.Nc7+ Bxc7 14.Qxc7 Qxc7 15.Rxc7 Nbd7
16.f3 Kd8 17.Rc2 Re8 18.fxe4 Nxe4 19.Nxe4 Rxe4 20.Kd2 a5 21.Bd6 Re6 22.Bc7+ Ke7
23.Bd3 Nf6 24.Rhc1 Ne8 25.Bg3 Bd7 26.Bh4+ Kd6 27.Bf5 Rh6 28.Bg3+ Ke7 29.Bxd7 Kxd7
30.Rc5 Rh5 31.Rb5 Ra7 32.Rcc5 Nf6 33.Rc7+ Ke8 34.Rbxb7 Ne4+ 35.Ke2 Rxb7 36.Rxb7 Rh6
37.Rb5 Rc6 38.Kd3 Nxg3 39.hxg3 Rg6 40.Ke2 a4 41.Rb4 Ra6 42.g4 Ke7 43.Rb5 Rc6
44.Ra5 Rc2+ 45.Kf3 Rxb2 46.Rxa4 g5 47.Ra6 Kf8 48.Ra5 h6 49.Rxd5 Rxa2 50.Rd6 Kg7
51.Rc6 Rd2 52.Rc7 Kf6 53.Rc1 Kg6 54.Rf1 h5 55.gxh5+ Kxh5 56.Rf2 Rd1 57.Ke4 Kg6
58.Ke5 Rd3 59.e4 g4 60.d5 g3 61.Rf6+ Kg7 62.Rf4 Kf8 63.Rg4 Ke7 64.Kf4 Rd1
65.Rxg3 Rf1+ 66.Rf3 Rd1 67.Ke5 Rd2 68.g3 Rd1 69.Ra3 f6+ 70.Kf5 Rf1+ 71.Kg6 Re1
72.Ra7+ Kd6 73.Ra6+ Kd7 74.Re6 Rg1 75.Rxf6 Rxg3+ 76.Kf5 Rd3 77.Ke5 Rd1 78.Rf7+ Ke8
79.Ra7 Re1 80.d6  1-0

[Event "TCh-TUR 2011"]
[Site "Konya TUR"]
[Date "2011.07.06"]
[Round "10"]
[White "Ustundag,Nefise Melis"]
[Black "Sahin,Handenur"]
[Result "1-0"]
[WhiteElo "1695"]
[BlackElo "1738"]

1.Nf3 d5 2.d4 Nf6 3.c4 c6 4.Nc3 e6 5.e3 Nbd7 6.Bd3 Be7 7.O-O O-O 8.b3 b6
9.Bb2 Bb7 10.e4 dxe4 11.Nxe4 c5 12.Re1 cxd4 13.Bxd4 Bb4 14.Re2 Qe7 15.Qc2 Kh8
16.Ne5 Rad8 17.Ng5 Nxe5 18.Bxe5 h6 19.Ne4 Nd7 20.Bb2 Nc5 21.Nxc5 Bxc5 22.Re5 Qd6
23.Rd1 Bd4 24.Rh5 Bxb2 25.Qxb2 Be4 26.Rxh6+ Kg8 27.Rh3 Bxd3 28.Rhxd3 Qxd3
29.Rxd3 Rxd3 30.h3 Rfd8 31.Qa3 R8d7 32.Qa6 Rd1+ 33.Kh2 R1d2 34.f3 Kh7 35.Qb5 g6
36.Kg3 Rc7 37.a3 Rc5 38.Qe8 Rg5+ 39.Kf4 Rf5+ 40.Kg3 Rd3 41.Qe7 Rxb3 42.Qxa7 Kg7
43.Qa4 Rb2 44.h4 g5 45.h5 Rf4 46.Qe8 Rh4 47.Qd8 f6 48.Qe7+ Kg8 49.Qxe6+ Kg7
50.Qe7+ Kg8 51.Qe8+ Kg7 52.Qg6+ Kf8 53.Qxf6+  1-0

[Event "10th La Fere Open"]
[Site "La Fere FRA"]
[Date "2011.07.06"]
[Round "6.41"]
[White "Hutin,E"]
[Black "Siegfried,Francois"]
[Result "1-0"]
[WhiteElo "1923"]
[BlackElo "1314"]

1.d4 d5 2.Nf3 Nf6 3.c4 c6 4.Nc3 e6 5.e3 Bb4 6.Bd3 dxc4 7.Bxc4 Ne4 8.Bd2 Nxd2
9.Qxd2 O-O 10.O-O Nd7 11.e4 Nf6 12.Qf4 Ba5 13.Rfe1 Bc7 14.e5 Nd5 15.Qg4 Ba5
16.Rac1 Ne7 17.Rcd1 Nf5 18.Rd3 b5 19.Bb3 Ba6 20.Rd2 Bb7 21.Ng5 Bc8 22.Red1 Nh6
23.Qh5 Qe7 24.Bc2 f5 25.exf6 Rxf6 26.Nxh7 Qf7 27.Nxf6+ Qxf6 28.Qe8+ Qf8 29.Qxf8+ Kxf8
30.Re2 Bxc3 31.bxc3 a5 32.Bb3 b4 33.Bxe6 Bxe6 34.Rxe6 bxc3 35.Rxc6 Re8 36.Kf1 Ng4
37.h3 Nf6 38.Rxc3 Ne4 39.Re3 Kf7 40.Rde1 Nd2+ 41.Ke2 Rxe3+ 42.fxe3  1-0

[Event "Lev Polugaevsky Mem"]
[Site "Samara RUS"]
[Date "2011.07.06"]
[Round "2"]
[White "Muzovatkin,D"]
[Black "Tumanyants,Svyatoslav"]
[Result "1-0"]
[WhiteElo "2003"]
[BlackElo "1727"]

1.d4 d5 2.Nf3 c6 3.e3 Nf6 4.c4 e6 5.Nc3 Be7 6.Bd3 dxc4 7.Bxc4 Nd5 8.O-O O-O
9.e4 Nxc3 10.bxc3 Nd7 11.Qe2 Nb6 12.Bb3 Re8 13.Be3 Qc7 14.Ne5 Bd6 15.f4 c5
16.Rac1 c4 17.Nxc4 Nxc4 18.Bxc4 a6 19.Bb3 Bd7 20.c4 Rac8 21.c5 Bf8 22.Qf3 g6
23.g4 Bc6 24.d5 exd5 25.exd5 Bb5 26.d6 Qd7 27.Rfe1 Bc6 28.Qg3 b5 29.Bd4 a5
30.a3 a4 31.Ba2 Rxe1+ 32.Rxe1 Re8 33.f5 Re4 34.Rxe4  1-0

[Event "Lev Polugaevsky Mem"]
[Site "Samara RUS"]
[Date "2011.07.06"]
[Round "2"]
[White "Velichko,Arseny"]
[Black "Papin,V"]
[Result "0-1"]
[WhiteElo "1963"]
[BlackElo "2565"]

1.d4 Nf6 2.c4 e6 3.Nf3 d5 4.Nc3 c6 5.e3 Nbd7 6.Bd3 dxc4 7.Bxc4 b5 8.Bd3 Bd6
9.O-O O-O 10.Qc2 Bb7 11.a3 a5 12.Bd2 Rc8 13.b4 axb4 14.axb4 Bxb4 15.e4 c5
16.Nxb5 Bxd2 17.Qxd2 Bxe4 18.Bxe4 Nxe4 19.Qe3 Ndf6 20.Rfd1 c4 21.Ne5 Qd5
22.Na7 Rc7 23.Rdb1 Nd6 24.Qf4 h6 25.Ra6 Nf5 26.Nb5 Re7 27.Ra5 Nxd4  0-1

[Event "XXXIV Open"]
[Site "Barbera del Valles ESP"]
[Date "2011.07.07"]
[Round "4"]
[White "Hernandez Carmenates,Hold"]
[Black "Delgado Ramos,H"]
[Result "1-0"]
[WhiteElo "2570"]
[BlackElo "2488"]

1.d4 d5 2.c4 c6 3.Nc3 Nf6 4.e3 e6 5.Nf3 Nbd7 6.Qc2 Bd6 7.Bd3 dxc4 8.Bxc4 O-O
9.O-O a6 10.Bd3 e5 11.Bd2 h6 12.Rae1 Re8 13.h3 Qe7 14.Nh4 Nf8 15.dxe5 Qxe5
16.f4 Qh5 17.Nf3 Ne6 18.Ne4 Nxe4 19.Bxe4 Qc5 20.f5 Ng5 21.Nxg5 Qxc2 22.Bxc2 hxg5
23.e4 Be5 24.b4 f6 25.Rd1 a5 26.Bb3+ Kh8 27.Bf7 Rf8 28.Bg6 b6 29.bxa5 bxa5
30.Kf2 Ba6 31.Rh1 Bc4 32.h4 g4 33.h5 Rfd8 34.h6 gxh6 35.Bxh6 Kg8 36.Rxd8+ Rxd8
37.Rb1 Rb8 38.Rd1 Bxa2 39.Rd7 a4 40.Ke3 a3 41.Bh7+ Kh8 42.Bg7+ Kxh7 43.Bxf6+ Kg8
44.Bxe5 Ra8 45.Kf4 Bf7 46.Kg5 c5 47.Ba1 Be8 48.Rg7+ Kf8 49.Rc7 Rb8 50.Rxc5 Rb1
51.Bf6 a2 52.Ra5 Rb4 53.e5 Ra4 54.Rxa4 Bxa4 55.e6 g3 56.Bc3 Ke7 57.Kf4 Kd6
58.Kxg3 Bc6 59.Kh3  1-0

[Event "1st ch-CHN Rapid KO"]
[Site "Hefei CHN"]
[Date "2011.07.07"]
[Round "2.3"]
[White "Li Chao2"]
[Black "Yu Yangyi"]
[Result "1/2-1/2"]
[WhiteElo "2669"]
[BlackElo "2672"]

1.d4 Nf6 2.c4 c6 3.Nf3 d5 4.Nc3 e6 5.e3 Nbd7 6.Qc2 Bd6 7.g4 h6 8.Rg1 dxc4
9.Bxc4 b5 10.Bd3 b4 11.Na4 Bb7 12.e4 c5 13.Nxc5 Bxc5 14.dxc5 Rc8 15.Be3 Qa5
16.Nd2 Nxc5 17.Bxc5 Qxc5 18.Qxc5 Rxc5 19.Ke2 Ke7 20.a3 a5 21.axb4 axb4 22.Ra4 e5
23.f3 Nd7 24.Rga1 Rc7 25.Rxb4 Nc5 26.Bc4 Bc6 27.Nf1 Bd7 28.Ne3 Be6 29.Bxe6 fxe6
30.Rc1 Rhc8 31.Rbc4 Kd6 32.b4 Nb3 33.R1c3 Nd4+ 34.Kf2 Rxc4 35.Rxc4 Rf8 36.Rc3 Rxf3+
37.Kg2 Rf4 38.Nc4+ Ke7 39.Nxe5 Rxe4 40.Rc5 Kf6 41.Nd7+  1/2-1/2

[Event "TCh-TUR 2nd League 2011"]
[Site "Konya TUR"]
[Date "2011.07.07"]
[Round "5"]
[White "Goksel,D"]
[Black "Isik,E"]
[Result "1/2-1/2"]
[WhiteElo "2281"]
[BlackElo "2215"]

1.Nf3 Nf6 2.d4 d5 3.c4 c6 4.Nc3 e6 5.e3 Nbd7 6.Qc2 Bd6 7.Be2 O-O 8.O-O dxc4
9.Bxc4 b5 10.Be2 Bb7 11.Rd1 Qe7 12.b3 Rac8 13.Bb2 b4 14.Ne4 Nxe4 15.Qxe4 f5
16.Qh4 Nf6 17.Rac1 a5 18.Bc4 h6 19.Rc2 Qf7 20.Rdc1 Nd5 21.Ne5 Qe8 22.Be2 Bxe5
23.dxe5 Ra8 24.Bd4 Qd7 25.Bf3 Rfc8 26.Bc5 Ba6 27.Qd4 Bb5 28.e4 fxe4 29.Bxe4 Qf7
30.Bf3 Rd8 31.Bd6 Rd7 32.h3 Re8 33.Kh1 Kh7 34.Qg4 Kh8 35.Be4 g5 36.Bf3 Rg8
37.Kh2 Nf4 38.Bxc6 h5 39.Qg3 Bxc6 40.Rxc6 Ne2 41.Qe3 Nxc1 42.Rxc1 Qf5 43.Rc4 Rf7
44.Bc5 Rd8 45.Bd6 Kh7 46.Qb6 Ra8 47.f3 a4 48.Qc6 axb3 49.Qxa8 b2 50.Rxb4 b1=Q
51.Rxb1 Qxb1 52.Qe8 Qf5 53.a4 Qf4+ 54.Kh1 Kg7 55.Qxe6 Rb7 56.Qf6+ Qxf6 57.exf6+ Kxf6
58.a5 Ke6 59.Bc5 Rb1+ 60.Kh2 Ra1 61.Bb6 h4 62.Bd8 Kf5 63.Bc7 Kg6 64.Bb6 Kf5
65.Bc7  1/2-1/2

[Event "1st Crakow Closed GM"]
[Site "Krakow POL"]
[Date "2011.07.07"]
[Round "6.1"]
[White "Kanarek,M"]
[Black "Sadzikowski,D"]
[Result "1-0"]
[WhiteElo "2435"]
[BlackElo "2388"]

1.d4 d5 2.c4 c6 3.Nc3 Nf6 4.Nf3 e6 5.e3 Nbd7 6.Qc2 Bd6 7.b3 O-O 8.Be2 b6
9.O-O Bb7 10.Bb2 Qe7 11.Rad1 Rad8 12.Rfe1 Rfe8 13.Bf1 dxc4 14.bxc4 e5 15.g3 c5
16.d5 a6 17.e4 Bc8 18.a4 Nf8 19.a5 bxa5 20.Nd2 Qc7 21.Ra1 Bd7 22.Nb3 Rb8
23.Nxa5 Rb6 24.Nd1 Ng6 25.Bc3 Reb8 26.Nb2 Ne7 27.Na4 Bxa4 28.Rxa4 Nd7 29.Bh3 f6
30.Rea1 Nf8 31.R4a3 h6 32.Nb3 Qb7 33.Nd2 Nc8 34.Qa2 Ra8 35.Nb3 Qb8 36.Qc2 Ne7
37.Nd2 Qb7 38.Ra5 Nc8 39.R1a3 Be7 40.Nb3 Qc7 41.Qa2 Nd6 42.Nxc5  1-0

[Event "9th Niki Open"]
[Site "Nachod CZE"]
[Date "2011.07.07"]
[Round "6.13"]
[White "Mojzis,Jar"]
[Black "Slampa,J"]
[Result "1-0"]
[WhiteElo "2194"]
[BlackElo "1970"]

1.d4 d5 2.c4 c6 3.e3 e6 4.Nf3 Nf6 5.Nc3 Nbd7 6.Qc2 Be7 7.Bd3 O-O 8.O-O Re8
9.e4 dxe4 10.Nxe4 Nxe4 11.Bxe4 Nf6 12.Bd3 c5 13.dxc5 Bxc5 14.Bg5 h6 15.Bh4 Bd6
16.Rad1 Qc7 17.Rfe1 g5 18.Bg3 Bxg3 19.hxg3 b6 20.Qc3 Nd7 21.Nh2 h5 22.Qd2 Qc5
23.Nf3 g4 24.Qh6 Nf8 25.Re5  1-0

[Event "ch-NOR"]
[Site "Oslo NOR"]
[Date "2011.07.07"]
[Round "6"]
[White "Sahl,Bj"]
[Black "Moen,A"]
[Result "0-1"]
[WhiteElo "2363"]
[BlackElo "2333"]

1.d4 d5 2.c4 c6 3.Nf3 Nf6 4.Nc3 e6 5.e3 Nbd7 6.Bd3 dxc4 7.Bxc4 b5 8.Be2 a6
9.O-O Bb7 10.e4 c5 11.d5 exd5 12.e5 Ng4 13.e6 fxe6 14.Ng5 Ngf6 15.Nxe6 Qb6
16.Re1 Kf7 17.Bf3 d4 18.Nxd4 cxd4 19.Qb3+ Kg6 20.Re6 Re8 21.Bh5+ Kxh5 22.Qd1+ Kg6
23.Rxb6 Nxb6 24.Ne2 Bb4 25.a3 Bd6 26.Nxd4 Be5 27.Be3 Nc4 28.Qb3 Nxe3 29.fxe3 Bxd4
30.exd4 Bd5 31.Qg3+ Kf7 32.Rf1 Rhf8 33.h3 Kg8 34.Rf2 Ba8 35.Qd6 Re1+ 36.Kh2 Ng4+
37.hxg4 Rxf2 38.d5 Rf8 39.Qb4 Rd1 40.d6 Rd5  0-1

[Event "86th ch-Paris IdF"]
[Site "Paris FRA"]
[Date "2011.07.07"]
[Round "6.4"]
[White "Arnold,Mar"]
[Black "Guliyev,N"]
[Result "1-0"]
[WhiteElo "2445"]
[BlackElo "2549"]

1.d4 d5 2.c4 c6 3.Nf3 Nf6 4.e3 e6 5.Nc3 Nbd7 6.Bd2 Bd6 7.Bd3 O-O 8.O-O dxc4
9.Bxc4 e5 10.Qc2 Qe7 11.Bb3 e4 12.Ng5 Bxh2+ 13.Kxh2 Ng4+ 14.Kg1 Qxg5 15.Qxe4 Ndf6
16.Qf4 Qxf4 17.exf4 h5 18.f5 Bxf5 19.f3 Nh6 20.g4 Bd3 21.Rfd1 Nhxg4 22.fxg4 Nxg4
23.Bf4 Ba6 24.d5 cxd5 25.Rxd5 Nf6 26.Rg5 Rfe8 27.Be5 Nh7 28.Rxg7+ Kh8 29.Bd4 f6
30.Rf7 Rad8 31.Nd5 Rg8+ 32.Kh2 Rg7 33.Rxg7 Kxg7 34.Rg1+ Kf8 35.Bc5+ Ke8 36.Rg7  1-0

[Event "Lev Polugaevsky Mem"]
[Site "Samara RUS"]
[Date "2011.07.07"]
[Round "3"]
[White "Tunik,G"]
[Black "Eryshkanova,A"]
[Result "1/2-1/2"]
[WhiteElo "2440"]
[BlackElo "2122"]

1.d4 d5 2.c4 e6 3.Nf3 Nf6 4.Nc3 c6 5.e3 Nbd7 6.Qc2 Bd6 7.Bd3 O-O 8.O-O dxc4
9.Bxc4 b5 10.Bd3 Bb7 11.Rd1 Qe7 12.e4 e5 13.Ne2 a6 14.Ng3 g6 15.dxe5 Nxe5
16.Nxe5 Bxe5 17.a4 c5 18.axb5 axb5 19.Rxa8 Bxa8 20.Bxb5 Nxe4 21.Be3 Nxg3
22.hxg3 Qb7 23.Bf1 Qxb2 24.Qxc5 Qc3 25.Qxc3 Bxc3 26.Rd7 Be5 27.Bc4 Bc6 28.Re7 Bd6
29.Ra7 Bb8 30.Ra5 Bd6 31.Ra6 Rc8 32.Rb6 Kg7 33.Bd4+ f6 34.Be6 Re8 35.Bh3 Re1+
36.Kh2 Rc1 37.Bd7 Rd1 38.Bxf6+ Kxf6 39.Bxc6 Bc5 40.Rb2 Rf1 41.f4 h5 42.Bb5 Bg1+
43.Kh3 Bd4 44.Bxf1  1/2-1/2

[Event "Lev Polugaevsky Mem"]
[Site "Samara RUS"]
[Date "2011.07.07"]
[Round "3"]
[White "Makarov,YuriA"]
[Black "Hudyakov,S"]
[Result "0-1"]
[WhiteElo "2008"]
[BlackElo "2179"]

1.d4 d5 2.c4 c6 3.Nc3 Nf6 4.e3 e6 5.Nf3 Nbd7 6.Qc2 Bd6 7.b3 O-O 8.Bd3 dxc4
9.bxc4 e5 10.O-O Re8 11.Bb2 h6 12.h3 Qe7 13.Nd2 Bc7 14.Nce4 Nxe4 15.Bxe4 Nf6
16.Bd3 e4 17.Be2 Qd6 18.f4 exf3 19.Nxf3 Qg3 20.Bd3 Rxe3 21.Bf5 Bxf5 22.Qd2 Bxh3
23.Qf2 Rxf3 24.Qxg3 Rxg3  0-1

[Event "XXXIV Open"]
[Site "Barbera del Valles ESP"]
[Date "2011.07.08"]
[Round "5"]
[White "Vidarte Morales,A"]
[Black "Marmili,G"]
[Result "0-1"]
[WhiteElo "2359"]
[BlackElo "2165"]

1.c4 e6 2.Nc3 d5 3.d4 c6 4.Nf3 Nf6 5.e3 Nbd7 6.Qc2 a6 7.Be2 Bd6 8.O-O dxc4
9.Bxc4 b5 10.Bd3 c5 11.Ne4 Nxe4 12.Bxe4 Ra7 13.Rd1 Qc7 14.d5 exd5 15.Bxd5 Nf6
16.b4 Nxd5 17.Rxd5 Be6 18.Rxd6 Qxd6 19.bxc5 Qd5 20.Bb2 O-O 21.Qc3 f6 22.Nd4 Rc8
23.c6 Bf7 24.Qa5 Qd8 25.Qb4 Qe7 26.Qa5 Bd5 27.Qb6 Qc7 28.Qc5 Bxc6 29.Nf5 Be4
30.Ne7+ Kf7 31.Qxa7 Qxa7 32.Nxc8 Qb8 33.Rc1 Bf5  0-1

[Event "XXXIV Open"]
[Site "Barbera del Valles ESP"]
[Date "2011.07.08"]
[Round "5"]
[White "Silva Rodriguez,F"]
[Black "Dominguez Pons,E"]
[Result "1-0"]
[WhiteElo "2064"]
[BlackElo "2344"]

1.d4 d5 2.c4 c6 3.Nc3 Nf6 4.e3 e6 5.Nf3 Nbd7 6.Qc2 Bd6 7.Be2 O-O 8.O-O Re8
9.Rd1 Qe7 10.h3 h6 11.a3 dxc4 12.Bxc4 e5 13.Nh4 Nb6 14.Ng6 Qc7 15.Nxe5 Bxe5
16.dxe5 Qxe5 17.Bd3 Be6 18.b3 Rad8 19.Bb2 Qg5 20.Kh2 Qh4 21.Bf5 Bxf5 22.Qxf5 Qg5
23.Qc2 Qh4 24.Kg1 Nfd5 25.Rd4 Qe7 26.Rad1 Nc7 27.Rg4 Rxd1+ 28.Qxd1 f6 29.Ne4 Nbd5
30.Qf3 Kh8 31.Ng3 Ne6 32.Nf5 Qf8 33.h4 b5 34.e4 Ne7 35.Nxg7 Nxg7 36.Bxf6 Nf5
37.Qxf5  1-0

[Event "31st Benasque Open"]
[Site "Benasque ESP"]
[Date "2011.07.08"]
[Round "2"]
[White "Petrosian,TL"]
[Black "Lacrosse,M"]
[Result "1-0"]
[WhiteElo "2636"]
[BlackElo "2185"]

1.d4 d5 2.c4 e6 3.Nf3 Nf6 4.Nc3 c6 5.e3 Nbd7 6.Qc2 Bd6 7.Bd3 O-O 8.O-O dxc4
9.Bxc4 b5 10.Bd3 Bb7 11.a3 a5 12.e4 e5 13.dxe5 Nxe5 14.Nxe5 Bxe5 15.h3 Re8
16.Be3 Qe7 17.Rfe1 h6 18.Rad1 Rac8 19.f3 Nh5 20.Ne2 Qf6 21.b4 axb4 22.axb4 Nf4
23.Nxf4 Bxf4 24.Bxf4 Qxf4 25.Qc5 Rcd8 26.Bf1 f6 27.Qb6 Qb8 28.Kf2 Kf8 29.Be2 Ba8
30.Qc5+ Kg8 31.Rxd8 Rxd8 32.Rd1 Rxd1 33.Bxd1 Qd8 34.Bb3+ Kh8 35.Ke3  1-0

[Event "19th Klatovy Open"]
[Site "Klatovy CZE"]
[Date "2011.07.08"]
[Round "7"]
[White "Riska,L"]
[Black "Kozak,Mi"]
[Result "1/2-1/2"]
[WhiteElo "2218"]
[BlackElo "2232"]

1.Nf3 d5 2.d4 Nf6 3.c4 c6 4.Nc3 e6 5.e3 Nbd7 6.Bd3 dxc4 7.Bxc4 b5 8.Be2 Bb7
9.e4 b4 10.e5 bxc3 11.exf6 cxb2 12.fxg7 bxa1=Q 13.gxh8=Q Qa5+ 14.Bd2 Qxd1+  1/2-1/2

[Event "TCh-TUR 2011"]
[Site "Konya TUR"]
[Date "2011.07.08"]
[Round "12"]
[White "Firat,Deniz"]
[Black "Tulay,S"]
[Result "1/2-1/2"]
[WhiteElo "1635"]
[BlackElo "1778"]

1.d4 d5 2.c4 e6 3.Nf3 Nf6 4.Nc3 c6 5.e3 Nbd7 6.Bd3 Bd6 7.O-O O-O 8.Qc2 dxc4
9.Bxc4 e5 10.dxe5 Nxe5 11.Nxe5 Bxe5 12.Be2 Re8 13.b3 Qa5 14.Bb2 Bf5 15.Qc1 Rad8
16.Rd1 Rxd1+ 17.Bxd1 Rd8 18.Be2 h6 19.Qe1 Rd7 20.h3 Nd5 21.Nxd5 Qxe1+ 22.Rxe1 Bxb2
23.Nf4 g5 24.Nh5 Rd2 25.Ng3 Bc2 26.Nf1 Rd8 27.Bf3 Be5 28.Rc1 Bd3 29.Rd1 Rd6
30.Ng3 Bc2 31.Rxd6 Bxd6 32.Be4 Bxg3 33.Bxc2 Be5 34.Kf1 Kf8 35.Ke2 Ke7 36.g3 f6
37.f4 Bd6 38.Kf3 h5 39.Bg6 h4 40.gxh4 gxh4 41.Kg4 Bc5 42.Kxh4 Bxe3 43.Kg4 Kf8
44.a4 b5 45.axb5 cxb5 46.Bd3 b4 47.Kf5 Kg7 48.Ba6 Bd2 49.Bb5 Be3 50.Ba6 Bd2
51.Bb5 Be3  1/2-1/2

[Event "10th La Fere Open"]
[Site "La Fere FRA"]
[Date "2011.07.08"]
[Round "8.17"]
[White "Oprandi,W"]
[Black "Pingue,R"]
[Result "0-1"]
[WhiteElo "1779"]
[BlackElo "1989"]

1.d4 d5 2.c4 c6 3.Nf3 Nf6 4.Nc3 e6 5.e3 Nbd7 6.Qc2 Bd6 7.Be2 O-O 8.O-O b6
9.b3 Bb7 10.Rd1 Qe7 11.Bb2 Rac8 12.Rac1 c5 13.cxd5 exd5 14.Qd2 Rfd8 15.dxc5 Nxc5
16.Bd3 Nce4 17.Bxe4 dxe4 18.Nd4 Ng4 19.h3 Ne5 20.Nf5 Qg5 21.Ng3 Nf3+ 22.gxf3 Bxg3
23.Qe1 Bb8+ 24.Kh1 exf3 25.Qg1 Qh4 26.Qf1 Ba6  0-1

[Event "10th La Fere Open"]
[Site "La Fere FRA"]
[Date "2011.07.08"]
[Round "8.20"]
[White "Hutin,E"]
[Black "De Brouwere,Johan"]
[Result "1-0"]
[WhiteElo "1923"]
[BlackElo "1768"]

1.d4 d5 2.Nf3 Nf6 3.c4 e6 4.Nc3 c6 5.e3 Be7 6.Bd3 Nbd7 7.O-O O-O 8.Qe2 c5
9.Ne5 cxd4 10.exd4 dxc4 11.Nxc4 Nd5 12.Ne4 N7f6 13.Rd1 Qc7 14.Ne5 Nxe4 15.Qxe4 Nf6
16.Qh4 g6 17.Bh6 Re8 18.Rac1 Qd8 19.Qf4 Bf8 20.Bb1 Qe7 21.Bg5 Bg7 22.Qh4 b6
23.Ng4  1-0

[Event "111th ch-SUI"]
[Site "Leukerbad SUI"]
[Date "2011.07.08"]
[Round "2"]
[White "Kosteniuk,A"]
[Black "Simon,Ra"]
[Result "1-0"]
[WhiteElo "2497"]
[BlackElo "2200"]

1.d4 d5 2.c4 c6 3.Nc3 Nf6 4.e3 e6 5.Nf3 Nbd7 6.Qc2 h6 7.b3 b6 8.Be2 Bb7 9.O-O Qc7
10.Bb2 Be7 11.Rac1 Rc8 12.Ne5 O-O 13.f4 c5 14.f5 cxd4 15.exd4 Nxe5 16.dxe5 Bc5+
17.Kh1 Qxe5 18.Nxd5 Nxd5 19.Bxe5 Ne3 20.Qb1 Bxg2+ 21.Kg1 Bxf1 22.Bxf1 Ng4+
23.Kh1 Nxe5 24.Qe4 Bd6 25.fxe6 fxe6 26.Bh3 Rce8 27.b4 Re7 28.c5 bxc5 29.bxc5 Bc7
30.Rd1 Nf7 31.Bxe6 Rfe8 32.Bxf7+ Kxf7 33.Qc4+ Kg6 34.Qc2+ Kf7 35.c6 Kg8 36.Qc3 Bb6
37.a4 Kh8 38.a5 Bc7 39.Rd7 Re1+ 40.Kg2 R8e2+ 41.Kf3 Be5 42.Rd8+  1-0

[Event "ch-Central Serbia Int Open A"]
[Site "Paracin SRB"]
[Date "2011.07.08"]
[Round "1.24"]
[White "Sertic,Ru"]
[Black "Elez,S"]
[Result "1-0"]
[WhiteElo "2406"]
[BlackElo "2149"]

1.d4 d5 2.c4 c6 3.Nc3 Nf6 4.Nf3 e6 5.e3 Nbd7 6.Qc2 Bd6 7.Bd3 O-O 8.O-O dxc4
9.Bxc4 e5 10.h3 exd4 11.exd4 Qc7 12.Bg5 Bf4 13.Bh4 Nd5 14.Ne2 N7f6 15.Nxf4 Qxf4
16.Bg3 Qf5 17.Bd3 Qh5 18.Qb3 Qh6 19.Rfe1 Nf4 20.Bf1 b6 21.Ne5 Bb7 22.Rac1 N6d5
23.Qa4 a6 24.Qb3 Rad8 25.Red1 b5 26.Qf3 Ne6 27.Ng4 Qh5 28.Be2 Qg5 29.h4 Nxd4
30.hxg5 Nxf3+ 31.Bxf3  1-0

[Event "Lev Polugaevsky Mem"]
[Site "Samara RUS"]
[Date "2011.07.08"]
[Round "4"]
[White "Muzovatkin,D"]
[Black "Velichko,Artemy"]
[Result "1-0"]
[WhiteElo "2003"]
[BlackElo "1714"]

1.d4 d5 2.Nf3 Nf6 3.c4 c6 4.Nc3 e6 5.e3 Nbd7 6.Qc2 Bd6 7.Be2 O-O 8.b3 e5
9.cxd5 cxd5 10.dxe5 Nxe5 11.O-O Qc7 12.h3 Ne4 13.Bb2 Bf5 14.Qc1 Nf6 15.Nb5 Qxc1
16.Raxc1 Nxf3+ 17.Bxf3 Bb8 18.Bxf6 gxf6 19.Bxd5 Bd3 20.Bxb7 Bxf1 21.Kxf1 Be5
22.Bxa8 Rxa8 23.f4 Bb8 24.Rc8+ Kg7 25.Nd4  1-0

[Event "Lev Polugaevsky Mem"]
[Site "Samara RUS"]
[Date "2011.07.08"]
[Round "4"]
[White "Vasilov,A"]
[Black "Shapiro,Dav"]
[Result "1/2-1/2"]
[WhiteElo "2199"]
[BlackElo "1991"]

1.d4 d5 2.c4 c6 3.Nf3 Nf6 4.Nc3 e6 5.e3 Nbd7 6.Qc2 Bd6 7.b3 O-O 8.Be2 b6
9.O-O Bb7 10.Bb2 Rc8 11.Rad1 Qe7 12.e4 dxe4 13.Nxe4 Nxe4 14.Qxe4 Nf6 15.Qh4 c5
16.Bd3 h6 17.Rfe1 Bxf3 18.gxf3 Nd5 19.Qg4 f5 20.Qg2 Nf4 21.Qh1 Qh4 22.Re2 Nxe2+
23.Bxe2 Rf6 24.h3 cxd4 25.Rxd4 Qg5+ 26.Kf1 Bc5 27.h4 Qg6 28.Rd3 Rff8 29.f4 Qe8
30.Rg3 Rc7 31.Qg2 Rff7 32.Bh5 Bf8 33.Rd3 Qe7 34.Bxf7+ Qxf7 35.Rd8 Rd7 36.Qa8 Rxd8
37.Qxd8 Kh7 38.Be5 Bc5 39.Qc7 Qxc7 40.Bxc7 Kg6 41.Bb8 a5 42.Kg2 h5 43.f3 Kf7
44.Be5 g6 45.Kf1 Ke7 46.Ke2 Kd7 47.Bf6 Kc6 48.Kd3 Ba3 49.Kc2  1/2-1/2

[Event "Open ch-SVK A"]
[Site "Banska Stiavnica SVK"]
[Date "2011.07.09"]
[Round "1"]
[White "Petrik,T"]
[Black "Borosova,Z"]
[Result "1-0"]
[WhiteElo "2505"]
[BlackElo "2310"]

1.d4 c6 2.c4 d5 3.Nf3 Nf6 4.Nc3 e6 5.e3 Nbd7 6.Qc2 Be7 7.Be2 dxc4 8.Bxc4 b5
9.Bd3 Bb7 10.e4 a6 11.e5 Nd5 12.Nxd5 cxd5 13.Bd2 Rc8 14.Qb3 Nb8 15.O-O Nc6
16.Rac1 Qb6 17.Be3 Qa5 18.Bb1 Qb4 19.Qc2 Na5 20.Qe2 Nc4 21.b3 Nxe3 22.Rxc8+ Bxc8
23.fxe3 Qc3 24.Ne1 Bd7 25.Nd3 Ba3 26.Kh1 O-O 27.Nf4 Rc8 28.Nh5 Be8 29.Qg4 g6
30.Nf6+ Kg7 31.Qh4 Qxe3 32.Qxh7+ Kf8 33.Nxe8 Qf4 34.Qh8+ Ke7 35.Qf6+ Qxf6
36.Nxf6 Bb2 37.h3 Bxd4 38.Ng4 Rc3 39.Rd1 Be3 40.Bd3 Bf4 41.Kg1  1-0

[Event "Naantalin Open"]
[Site "Naantali FIN"]
[Date "2011.07.09"]
[Round "8"]
[White "Linqvist,G"]
[Black "Riihimaki,Pekka"]
[Result "0-1"]
[WhiteElo "2024"]
[BlackElo "1971"]

1.c4 c6 2.Nf3 d5 3.e3 Nf6 4.d4 e6 5.Nc3 Nbd7 6.Bd3 dxc4 7.Bxc4 b5 8.Bd3 Bb7
9.O-O a6 10.a4 b4 11.Ne4 Be7 12.Nxf6+ Nxf6 13.Qe2 O-O 14.Rd1 Qa5 15.e4 Qh5
16.h3 c5 17.dxc5 Bxc5 18.Bf4 Rfd8 19.Rac1 Bb6 20.Bg5 h6 21.Be3 Bxe3 22.Qxe3 Qa5
23.b3 Rac8 24.Nd2 Rc3 25.Rxc3 bxc3 26.Nc4 Qb4 27.f3 Qxb3 28.Rb1 Qxa4 29.Rxb7 Qa1+
30.Bf1 c2 31.Nb2 Qb1 32.Qb6 Qxf1+ 33.Kxf1 c1=Q+ 34.Kf2 Rd2+ 35.Kg3 Nh5+ 36.Kh2 Nf4
37.Rb8+ Kh7 38.Qg1 Rxg2+ 39.Qxg2 Nxg2 40.Kxg2 Qd2+ 41.Kg1 Qe1+ 42.Kg2 Qe2+
43.Kg3 g5 44.Rb3 h5 45.Nd3 h4+ 46.Kg4 Kh6 47.Nf4  0-1

[Event "9th Niki Open"]
[Site "Nachod CZE"]
[Date "2011.07.09"]
[Round "8.10"]
[White "Mojzis,Jar"]
[Black "Trojan,L"]
[Result "1-0"]
[WhiteElo "2194"]
[BlackElo "2014"]

1.d4 d5 2.c4 c6 3.e3 Nf6 4.Nc3 e6 5.Nf3 Be7 6.Qc2 Nbd7 7.Bd3 dxc4 8.Bxc4 O-O
9.e4 Re8 10.Bg5 Nf8 11.O-O N6d7 12.Bxe7 Qxe7 13.e5 Nb6 14.Bd3 f5 15.exf6 gxf6
16.Rfe1 Rd8 17.Rad1 Bd7 18.Re4 Be8 19.Rg4+ Kh8 20.Rh4 Nd5 21.a3 f5 22.Nxd5 cxd5
23.Qd2 Ng6 24.Rh3 Rd7 25.Re1 Qf6 26.Qh6 Re7 27.Ng5 Qg7 28.Qxg7+ Rxg7 29.Nxe6 Re7
30.Rhe3 f4 31.Nxf4 Rxe3 32.Nxg6+ Bxg6 33.Rxe3 Bxd3 34.Rxd3 Rc8 35.Rc3  1-0

[Event "ch-Central Serbia Int Open A"]
[Site "Paracin SRB"]
[Date "2011.07.09"]
[Round "2.36"]
[White "Livaja,M"]
[Black "Ratkovic,Milov"]
[Result "1-0"]
[WhiteElo "2267"]
[BlackElo "2146"]

1.d4 d5 2.Nf3 Nf6 3.c4 c6 4.e3 e6 5.Nc3 Nbd7 6.Qc2 Bd6 7.b3 O-O 8.Bb2 e5
9.cxd5 cxd5 10.dxe5 Nxe5 11.Be2 Bg4 12.Nxe5 Bxe5 13.Bxg4 Nxg4 14.h3 Nxe3
15.fxe3 Qh4+ 16.Ke2 d4 17.Qe4 Qxe4 18.Nxe4 d3+ 19.Kxd3 Bxb2 20.Rad1 Ba3 21.Ke2 Rfe8
22.Kf3 Re7 23.Rd3 Rae8 24.Nc3 Bc5 25.Nd5 Re5 26.Rc1 Bf8 27.Rc7 Rb8 28.Rd7 h6
29.Rc3 Rbe8 30.Rcc7 Rf5+ 31.Ke2 Ree5 32.g4 Rg5 33.Nf4 Bc5 34.Rd8+ Kh7 35.Rd3 f5
36.Kf3 fxg4+ 37.hxg4 Re8 38.e4 Rge5 39.Rdd7 Rg5 40.Rxb7 Rf8 41.Rf7 Rxf7 42.Rxf7 Kg8
43.Rd7 Bb6 44.b4 g6 45.a4 h5 46.gxh5 gxh5 47.a5 Bg1 48.Nh3 Rg6 49.Nxg1 Rxg1
50.Rxa7 h4 51.Rc7 h3 52.Rc2 Rb1 53.a6 Kf7 54.Ra2 Rb3+ 55.Kf2 Rb1 56.Kg3 Rxb4
57.a7 Rb3+ 58.Kh2  1-0

[Event "8th South Wales Int"]
[Site "Penarth WLS"]
[Date "2011.07.09"]
[Round "1.13"]
[White "Taylor,RG"]
[Black "Menadue,J"]
[Result "0-1"]
[WhiteElo "1978"]
[BlackElo "2165"]

1.Nf3 d5 2.d4 Nf6 3.c4 c6 4.e3 e6 5.Nc3 Nbd7 6.Bd3 dxc4 7.Bxc4 b5 8.Bd3 a6
9.Bd2 c5 10.Rc1 Bb7 11.O-O Be7 12.Bb1 Qb6 13.dxc5 Nxc5 14.Nd4 Rd8 15.f3 O-O
16.Qe2 b4 17.Nd1 a5 18.Re1 g6 19.Nf2 e5 20.Nb3 Ba6 21.Qd1 Ne6 22.Na1 Rd7
23.Rc2 Rfd8 24.Qc1 Bb5 25.b3 Bc5 26.Qb2 Rd5 27.Bc1 Ne8 28.h3 Bf8 29.Kh2 Bg7
30.e4 R5d7 31.Be3 Nd4 32.Rcc1 Qe6 33.Rc5 Rb7 34.a4 bxa3 35.Qxa3 Bf8 36.Qxa5 Rdb8
37.Rcc1 Bd7 38.Red1 Bd6 39.Nd3 Nxf3+ 40.gxf3 Qxh3+ 41.Kg1 Qg3+ 42.Kf1 Qxf3+
43.Bf2 Bh3+ 44.Ke1 Qxe4+ 45.Kd2 Rd7 46.Bc5 Ra8 47.Qb6 Bxc5 48.Rxc5 Rb7 49.Qc6 Qxc6
50.Rxc6 Rxa1 51.Nxe5 Rxb3 52.Bc2 Rxd1+ 53.Kxd1 Rb5 54.Nc4 Kg7 55.Ne3 Re5
56.Kd2 Be6 57.Rb6 Nf6 58.Ng2 g5 59.Ne1 Nd7 60.Rb4 Nc5  0-1

[Event "Lev Polugaevsky Mem"]
[Site "Samara RUS"]
[Date "2011.07.09"]
[Round "5"]
[White "Bukavshin,I"]
[Black "Kovalenko,I"]
[Result "0-1"]
[WhiteElo "2506"]
[BlackElo "2567"]

1.d4 Nf6 2.c4 e6 3.Nc3 d5 4.Nf3 c6 5.e3 Nbd7 6.Qc2 Bd6 7.Bd3 Qe7 8.O-O O-O
9.c5 Bc7 10.e4 dxe4 11.Nxe4 Nxe4 12.Bxe4 h6 13.Bd2 Nf6 14.Bd3 Bd7 15.Rfe1 Rad8
16.Rad1 Be8 17.b4 Nd5 18.Ne5 f6 19.Ng6 Bxg6 20.Bxg6 f5 21.g3 Qf6 22.Bh5 e5
23.dxe5 Bxe5 24.Bf3 Kh8 25.Kg2 Bd4 26.Qc4 f4 27.Rf1 a6 28.Bc1 Nc7 29.Rde1 Be5
30.Re4 Ne6 31.h4 Nd4 32.Bxf4 Nxf3 33.Kxf3 g5 34.hxg5 hxg5 35.Rh1+ Kg7 36.Rh5 Rd5
37.Qe2 Bxf4 38.Re6 Qf5 39.Kg2 Rd2 40.Qc4 Rxf2+ 41.Kxf2 Bc1+ 42.Kg1 Qf2+ 43.Kh1 Qf3+
44.Kg1 Qxg3+ 45.Kh1 Qf3+ 46.Kg1 Be3+  0-1